00975nam a2200217 a 450000100100000000500170001000800410002702000150006804000250008310000440010824500830015226000680023530000200030349000340032370000240035783000410038195201060042295201060052895201060063499900170074000004028220201002034030.0130802s2004 mx 000 0 spa d a9703204732 aDO-SdBNPbspacBNPHU1 aSierra O'Reilly,Justod1904-197496655710aEl filibustero /cJusto Sierra O'Reilly ; introducción Hernán Lara Zavala. aMéxico :bUniversidad Nacional Autónoma de México,c2004. a54 p. ;c18 cm.1 aRelato Licenciado Vidrierav61 aZavala, Lara966558 0aRelato Licenciado Vidrierav6966234 0010507-18MOaGRbGRcOId2013-08-21iLF1l0o p40282-10r2020-06-25w2020-06-25y1ZNo se presta 0010507-18MOaGRbGRcOId2013-08-21iLF1l0o p40282-20r2020-06-25w2020-06-25y1ZNo se presta 0010507-18MOaGRbGRcOId2013-08-21iLF1l0o p40282-30r2020-06-25w2020-06-25y1ZNo se presta c39772d39772